Peter Capaldi Filmography - Statistics

General Stats
  • This quiz has been taken 34 times
    13 since last reset
  • The average score is 10 of 194
Answer Stats
Type Year Name % Correct
TV Show 2008, 2013-2017 Doctor Who
89%
Film 2021 The Suicide Squad
67%
TV Show 2005-2012 The Thick of It
67%
Video Game 2015 LEGO Dimensions
56%
Web Series 2025 Black Mirror
44%
Film 2014 Paddington
44%
Film 2017 Paddington 2
44%
Director 1993 Franz Kafka's It's a Wonderful Life
33%
TV Show 2014 The Musketeers
33%
Film 2013 World War Z
33%
Web Series 2024 Criminal Record
22%
Film 2009 In the Loop
22%
Audiobook 2021 Nineteen Eighty-Four
22%
TV Show 2004 Peep Show
22%
Music Video 2019 Someone You Loved
22%
Web Series 2022-Present The Devil's Hour
22%
TV Show 2009 Torchwood
22%
TV Show 2010 Accused
11%
Film 1997 Bean
11%
Web Series 2022 Big Mouth
11%
Theater 1983-1984 Blood Brothers
11%
Film 2018 Christopher Robin
11%
TV Show 2016 Class
11%
Film 1988 Dangerous Liaisons
11%
Documentary Series 2014-2017 Doctor Who Extra
11%
Theater 1984-1985 Dracula
11%
Radio Play 2008 Dr. No
11%
Radio Play 2008 Dr. No: The Radio Play
11%
TV Show 2004 Foyle's War
11%
TV Show 2009-2010 Getting On
11%
Film 1983 Local Hero
11%
TV Show 2006 Midsomer Murders
11%
TV Show 2004 My Family
11%
TV Show 2014 Shetland
11%
TV Show 2007-2008 Skins
11%
TV Film 2008 The Devil's Mistress
11%
TV Show 2012 The Hour
11%
Theater 2011-2012 The Ladykillers
11%
TV Show 2011 The Penguins of Madagascar
11%
Film 2019 The Personal History of David Copperfield
11%
TV Show 1994, 1996 The Vicar of Dibley
11%
TV Show 2007 Waking the Dead
11%
Web Mini-Series 2018 Watership Down
11%
TV Show 2009 10 Minute Tales
0%
Theater 2007 Absurdia
0%
Radio Play 2005 A Certain Age
0%
TV Film 2006 Aftersun
0%
TV Show 1991 Agatha Christie's Poirot
0%
Radio Play 2019 Alexei Sayle's The Absence of Normal
0%
TV Documentary 2016 Aliens: The Big Think
0%
TV Documentary 2009 A Portrait of Scotland
0%
Theater 2007 A Resounding Tinkle
0%
Documentary Series 2005, 2006, 2010, 2011 Artworks Scotland
0%
Radio Series 2005-2006 Baggage
0%
Radio Play 2020 Beethoven Can Hear You
0%
Film 2021 Benediction
0%
Film 2011 Big Fat Gypsy Gangster
0%
Short Film 2010 Bistro
0%
Short Documentary 2012 Black Drop
0%
TV Film 1984 Bless My Soul
0%
Documentary Series 2010 Bloody Foreigners
0%
TV Show 2014 Blue Peter
0%
TV Show 1998 Bookmark
0%
Short Film 2021 But Why?
0%
Film 1994 Captives
0%
TV Show 1986 C.A.T.S. Eyes
0%
TV Mini-Series 1990 Chain
0%
TV Show 1994 Chandler & Co
0%
TV Show 2016 Children in Need
0%
Radio Play 1998 Christmas Panto
0%
Documentary Series 2008 Cold Blood
0%
TV Show 2007 Coming Up
0%
Theater 2021 Constellations
0%
Documentary Series 2017 Countryfile
0%
TV Show 1984 Crown Court
0%
Film 1990 December Bride
0%
TV Show 1996 Delta Wave
0%
Documentary Mini-Series 2005 Destination Scotland
0%
Music Video 1986 Didn't You Kill My Brother?
0%
TV Show 2006 Donovan
0%
TV Show 1989 Dramarama
0%
TV Film 1989 Dream Baby
0%
TV Show 1992 Early Travellers in North America
0%
Radio Play 1996 Emotion Pictures
0%
TV Mini-Series 2007 Fallen Angel
0%
Radio Play 2000 Fantastic Tales
0%
Theater 2001 Feelgood
0%
TV Show 2003 Fortysomething
0%
TV Film 1996 Giving Tongue
0%
TV Pilot 2008 Glendogie Bogey
0%
TV Film 1986 God's Chosen Car Park
0%
TV Film 2006 Haunted Hogmanay
0%
TV Show 2006 Have I Got News for You
0%
TV Show 2001 High Stakes
0%
Documentary Series 1998, 2007-2009, 2016 Horizon
0%
TV Film 2001 Hotel!
0%
Film 2005 House of 9
0%
TV Documentary 2019 How to See a Black Hole: The Universe's Greatest Mystery
0%
Radio Play 1995 If You're So Clever, Why Aren't You Rich?
0%
TV Short 1997 I Hate Christmas Too
0%
TV Show 2013, 2019, 2025 Imagine
0%
TV Show 2003 In Deep
0%
TV Documentary 2013 Inside the Mind of Leonardo
0%
Documentary Mini-Series 2018 James Cameron's Story of Science Fiction
0%
TV Film 1985 John and Yoko: A Love Story
0%
TV Show 2009 Jools's Hootenanny
0%
TV Show 2003 Judge John Deed
0%
Film 1982 Living Apart Together
0%
TV Short 1996 Lost for Words
0%
Film 2007 Magicians
0%
TV Pilot 2019 Martin's Close
0%
Film 2002 Max
0%
Commercial 1997 Michelob
0%
TV Film 1993 Micky Love
0%
TV Mini-Series 2008 Midnight Man
0%
TV Show 1985 Minder
0%
Film 2004 Modigliani
0%
Film 2002 Mrs Caldicot's Cabbage War
0%
TV Show 1992 Mr. Wakefield's Crusade
0%
Theater 1993 Murder Is Easy
0%
Documentary Mini-Series 2013 Murdoch
0%
Documentary Series 2011, 2018 Natural World
0%
TV Mini-Series 1996 Neverwhere
0%
Film 2004 Niceland (Population. 1.000.002)
0%
Short Film 2014 Oprah Makes Garfield Cartoons
0%
Radio Series 2002-2005 Our Brave Boys
0%
TV Film 2004 Passer By
0%
TV Film 2006 Pinochet's Last Stand
0%
TV Mini-Series 1993 Prime Suspect 3
0%
TV Documentary 2016 Prison, My Parents & Me
0%
TV Mini-Series 1999 Psychos
0%
Documentary Series 2012 Punk Britannia
0%
TV Show 1988 Ras C. Nesbitt
0%
Documentary Series 2017 Real Stories
0%
Documentary Series 1997 Reputations
0%
Documentary 2022 Riverwoods: An Untold Story
0%
TV Film 1995 Runaway One
0%
TV Show 1990 Ruth Rendell Mysteries
0%
Short Film 2004 Salvage
0%
TV Show 1991 Screen Two
0%
TV Show 2004 Sea of Souls
0%
TV Mini-Series 1991 Selling Hitler
0%
TV Mini-Series 1989 Shadow of the Noose
0%
Film 1997 Shooting Fish
0%
Short Film 2003 Shotgun Dave Rides East
0%
Film 1997 Smilla's Sense of Snow
0%
Film 1992 Soft Top Hard Shoulder
0%
TV Film 2002 Solid Geometry
0%
Radio Play 2019 Sputnik's Guide to Life on Earth
0%
TV Show 1993 Stay Lucky
0%
Director 2001 Strictly Sinatra
0%
TV Show 2005 The Afternoon Play
0%
TV Show 1994-1995 The All New Alexei Sayle Show
0%
Audiobook 1997 The Birds / Don't Look Now
0%
TV Mini-Series 1992 The Cloning of Joanna May
0%
TV Show 1993 The Comic Strip Presents
0%
Short Film 2016 The Complete Walk: Titus Andronicus
0%
TV Film 2012 The Cricklewood Greats
0%
TV Mini-Series 1996 The Crow Road
0%
Documentary Mini-Series 1988 The Customer Connection: Who Cares Wins
0%
Video Game 2014 The Doctor and the Dalek
0%
TV Show 2011 The Field of Blood
0%
Film 2013 The Fifth Estate
0%
Radio Play 2007 The First King of Mars
0%
Radio Play 2008 The Further Adventures of the First King of Mars
0%
TV Film 1999 The Greatest Store in the World
0%
Radio Play 2009 The Heart of Saturday Night
0%
TV Mini-Series 1997 The History of Tom Jones, a Foundling
0%
Theater 1998 The Judas Kiss
0%
Film 1988 The Lair of the White Worm
0%
Film 1987 The Love Child
0%
Radio Play 2007 The Making of Modern Medicine
0%
Documentary Series 2006 The Martians and Us
0%
TV Mini-Series 2010 The Nativity
0%
Radio Series 2009-2010 The News at Bedtime
0%
TV Documentary 2008 The Perfect TV Detective
0%
TV Film 1985 The Personal Touch
0%
TV Mini-Series 1992 The Secret Agent
0%
TV Film 1987 The Story of a Recluse
0%
TV Show 2011 The Suspicions of Mr Whicher
0%
TV Film 1996 The Treasure Seekers
0%
Director TBA They F**k You Up
0%
TV Mini-Series 1991 Titmuss Regained
0%
TV Show 1985 Travelling Man
0%
Documentary Series 2006 Trawlermen
0%
Theater 1989 Treats
0%
Film 1985 Turtle Diary
0%
TV Film 2003 Unconditional Love
0%
Film 2005 Unhitched
0%
TV Mini-Series 1987 Up Line
0%
Theater 1989 Valued Friends
0%
Film 1998 What Rats Won't Do
0%
Film 2005 Wild Country
0%
TV Documentary 2018 Zoe Ball's Hardest Road Home
0%
No matching quizzes found
Score Distribution
Percent of People with Each Score
Percentile by Number Answered
Your Score History
You have not taken this quiz since the last reset